[Event "Martorell op 37th C"]
[Site "Martorell"]
[Date "2019.09.28"]
[Round "3.1"]
[White "Ruiz Talavera, Adolfo"]
[Black "Alegre Menarguez, Pere"]
[Result "1/2-1/2"]
[WhiteElo "1823"]
[BlackElo "1742"]
[PlyCount "129"]
[EventDate "2019.09.14"]
[EventType "swiss"]
[EventRounds "9"]
[EventCountry "ESP"]
[SourceTitle "EXT 2024"]
[Source "ChessBase"]
[SourceDate "2023.10.10"]
[SourceVersion "1"]
[SourceVersionDate "2023.10.10"]
[SourceQuality "1"]

1. d4 Nf6 2. c4 c5 3. d5 b5 4. b3 g6 5. Bb2 Bg7 6. Nf3 0-0 7. g3 bxc4 8. bxc4 d6 9. Bg2 Nbd7 10. 0-0 Rb8 11. Qc2 Qb6 12. Bc3 Qa6 13. Nbd2 Nb6 14. Rab1 Bd7 15. e4 Nxc4 16. Nxc4 Qxc4 17. Nd2 Qa4 18. Qxa4 Bxa4 19. Rfe1 Nd7 20. Bxg7 Kxg7 21. Bf1 Ne5 22. Re3 Rxb1 23. Nxb1 Rb8 24. Nc3 Bd7 25. f4 Ng4 26. Re1 Rb2 27. Re2 Rxe2 28. Bxe2 Ne3 29. Bd3 f5 30. e5 dxe5 31. fxe5 e6 32. dxe6 Bxe6 33. a3 Ng4 34. Nb5 Nxe5 35. Be2 a5 36. Nc7 Bb3 37. Kf2 c4 38. Nb5 c3 39. Nxc3 a4 40. h3 Kf6 41. Ke3 Ke6 42. Bb5 g5 43. Nxa4 Bxa4 44. Bxa4 Nc4+ 45. Kf2 Nxa3 46. Bb3+ Ke5 47. Kf3 Nb5 48. Bg8 h6 49. Bc4 Nd6 50. Ba6 Ne4 51. Bb7 Nd6 52. Ba8 f4 53. g4 Nc4 54. Ke2 Kd4 55. Bb7 Ne3 56. Ba8 Nc4 57. Bb7 Nd6 58. Ba8 Ne4 59. Bb7 Ng3+ 60. Kf2 Kd3 61. Ba6+ Kd2 62. Bb7 Kd3 63. Ba6+ Kd4 64. Bb7 Ne4+ 65. Ke2 1/2-1/2

[Event "Foment Martinenc op-C 20th"]
[Site "Barcelona"]
[Date "2018.06.16"]
[Round "9"]
[White "Alegre Menarguez, Pere"]
[Black "Latorre Coma, Antoni"]
[Result "1-0"]
[WhiteElo "1779"]
[BlackElo "1710"]
[PlyCount "97"]
[EventDate "2018.04.21"]
[EventType "swiss"]
[EventRounds "9"]
[EventCountry "ESP"]
[SourceTitle "CBM 184 Extra"]
[Source "ChessBase"]
[SourceDate "2018.06.28"]
[SourceVersion "1"]
[SourceVersionDate "2018.06.28"]
[SourceQuality "1"]

1. e4 e5 2. Nf3 d6 3. d4 exd4 4. Nxd4 Nf6 5. Nc3 Be7 6. Be2 Bd7 7. Bf4 Nc6 8. 0-0 Ne5 9. Nf5 Bxf5 10. exf5 Qd7 11. Bxe5 dxe5 12. Qxd7+ Nxd7 13. Nd5 Bd6 14. Rfd1 Nf6 15. Bb5+ c6 16. Nxf6+ gxf6 17. Rxd6 cxb5 18. Rad1 0-0 19. Rxf6 Rac8 20. c3 b4 21. cxb4 Rc2 22. Rfd6 Kg7 23. g4 Rxb2 24. a3 Rc8 25. R6d2 Rb3 26. Rd3 Rb2 27. R1d2 Rb1+ 28. Kg2 Rc4 29. f3 e4 30. fxe4 Rxe4 31. Kh3 Rg1 32. Rg2 Rc1 33. Kh4 Rc6 34. Kg3 Rec4 35. Rgd2 Re4 36. Rd4 Re3+ 37. Kf4 Rxa3 38. g5 Rac3 39. h4 b5 40. h5 h6 41. g6 R3c4 42. Rxc4 Rxc4+ 43. Ke5 Rc8 44. Rd7 Re8+ 45. Kd6 Kf6 46. Rxf7+ Kg5 47. f6 Kxh5 48. g7 Kg6 49. Rf8 1-0

[Event "Foment Martinenc op-C 20th"]
[Site "Barcelona"]
[Date "2018.06.02"]
[Round "7"]
[White "Alegre Menarguez, Pere"]
[Black "Munt Serrano, Jesus"]
[Result "1-0"]
[WhiteElo "1779"]
[BlackElo "1752"]
[PlyCount "41"]
[EventDate "2018.04.21"]
[EventType "swiss"]
[EventRounds "9"]
[EventCountry "ESP"]
[SourceTitle "CBM 184 Extra"]
[Source "ChessBase"]
[SourceDate "2018.06.28"]
[SourceVersion "1"]
[SourceVersionDate "2018.06.28"]
[SourceQuality "1"]

1. e4 c5 2. c3 e6 3. d4 cxd4 4. cxd4 Nf6 5. e5 Bb4+ 6. Bd2 Nd5 7. Nf3 Nc6 8. Bxb4 Ndxb4 9. a3 Qa5 10. Nc3 Nd5 11. Rc1 a6 12. Bd3 Nxc3 13. Rxc3 Qb6 14. Bb1 Qa7 15. 0-0 b5 16. Be4 Bb7 17. Bb1 Na5 18. Bd3 0-0 19. Bxh7+ Kh8 20. Ng5 f6 21. Qh5 1-0

[Event "Foment Martinenc op-C 20th"]
[Site "Barcelona"]
[Date "2018.05.26"]
[Round "6"]
[White "Linares Bernet, Ana"]
[Black "Alegre Menarguez, Pere"]
[Result "1/2-1/2"]
[WhiteElo "1448"]
[BlackElo "1779"]
[PlyCount "49"]
[EventDate "2018.04.21"]
[EventType "swiss"]
[EventRounds "9"]
[EventCountry "ESP"]
[SourceTitle "CBM 184 Extra"]
[Source "ChessBase"]
[SourceDate "2018.06.28"]
[SourceVersion "1"]
[SourceVersionDate "2018.06.28"]
[SourceQuality "1"]

1. d4 e6 2. Nf3 Nf6 3. c4 d5 4. e3 c5 5. b3 Nc6 6. a3 Bd6 7. Be2 0-0 8. 0-0 b6 9. Nc3 a6 10. Bb2 Bb7 11. Bd3 cxd4 12. exd4 Ne7 13. a4 Ne4 14. Qc2 f5 15. Ba3 Bxa3 16. Rxa3 Qd6 17. Raa1 Nc6 18. Na2 a5 19. Qb2 Rae8 20. Rae1 Ba6 21. Re2 Nb4 22. Nxb4 Qxb4 23. Rc1 Qe7 24. Rb1 Qb4 25. Rc1 1/2-1/2

[Event "Montcada op-C 25th"]
[Site "Montcada"]
[Date "2017.07.02"]
[Round "8"]
[White "Alegre Menarguez, Pere"]
[Black "Pujol Gaja, Joan"]
[Result "1-0"]
[WhiteElo "1442"]
[BlackElo "1710"]
[PlyCount "45"]
[EventDate "2017.06.26"]
[EventType "swiss"]
[EventRounds "9"]
[EventCountry "ESP"]
[SourceTitle "EXT 2018"]
[Source "ChessBase"]
[SourceDate "2017.10.13"]
[SourceVersion "1"]
[SourceVersionDate "2017.10.13"]
[SourceQuality "1"]

1. e4 c5 2. Nf3 Nc6 3. c3 e6 4. d4 cxd4 5. cxd4 d6 6. Nc3 Nf6 7. Bb5 a6 8. Ba4 b5 9. Bb3 b4 10. Ne2 Nxe4 11. 0-0 d5 12. Re1 Be7 13. Ba4 Bd7 14. Bc2 f5 15. Bf4 0-0 16. Ne5 Nxe5 17. Bxe5 Bb5 18. f3 Bxe2 19. Qxe2 Ng5 20. Bf4 Qb6 21. Bxg5 Bxg5 22. Qxe6+ Qxe6 23. Rxe6 1-0

[Event "Montcada op-C 25th"]
[Site "Montcada"]
[Date "2017.06.30"]
[Round "5"]
[White "Alegre Menarguez, Pere"]
[Black "Grasa Solanas, Oscar"]
[Result "0-1"]
[WhiteElo "1442"]
[BlackElo "1669"]
[PlyCount "54"]
[EventDate "2017.06.26"]
[EventType "swiss"]
[EventRounds "9"]
[EventCountry "ESP"]
[SourceTitle "EXT 2018"]
[Source "ChessBase"]
[SourceDate "2017.10.13"]
[SourceVersion "1"]
[SourceVersionDate "2017.10.13"]
[SourceQuality "1"]

1. e4 d5 2. exd5 Qxd5 3. Nc3 Qa5 4. d4 Nf6 5. Nf3 Bg4 6. h3 Bh5 7. g4 Bg6 8. Ne5 Be4 9. Nc4 Qa6 10. Ne3 Qb6 11. Nxe4 Nxe4 12. Bg2 Nf6 13. 0-0 Nc6 14. c3 0-0-0 15. g5 Ne8 16. Qb3 e6 17. Qxb6 axb6 18. b4 h6 19. Nc4 hxg5 20. Bxg5 f6 21. Be3 Nd6 22. Nxd6+ Bxd6 23. a4 g5 24. Rab1 Rdg8 25. d5 exd5 26. Bxd5 Rxh3 27. Bg2 Bh2+ 0-1

[Event "Montcada op-C 25th"]
[Site "Montcada"]
[Date "2017.06.27"]
[Round "2"]
[White "Ramon Herraez, Alex"]
[Black "Alegre Menarguez, Pere"]
[Result "1/2-1/2"]
[WhiteElo "1654"]
[BlackElo "1442"]
[PlyCount "40"]
[EventDate "2017.06.26"]
[EventType "swiss"]
[EventRounds "9"]
[EventCountry "ESP"]
[SourceTitle "EXT 2018"]
[Source "ChessBase"]
[SourceDate "2017.10.13"]
[SourceVersion "1"]
[SourceVersionDate "2017.10.13"]
[SourceQuality "1"]

1. d4 Nf6 2. Nf3 e6 3. c4 b6 4. e3 Bb7 5. Be2 d5 6. Nc3 a6 7. 0-0 Bd6 8. b3 0-0 9. Bb2 Nbd7 10. Rc1 Qe7 11. cxd5 exd5 12. Qc2 Rfe8 13. Bd3 Ne4 14. Qe2 Ndf6 15. Bb1 Nxc3 16. Rxc3 Ne4 17. Rcc1 a5 18. Rfd1 Ba6 19. Bd3 Bxd3 20. Qxd3 a4 1/2-1/2

[Event "Foment Martinenc op-C 19st"]
[Site "Barcelona"]
[Date "2017.06.17"]
[Round "9.8"]
[White "Alegre Menarguez, Pere"]
[Black "Rodriguez Batuecas, Jordi"]
[Result "0-1"]
[WhiteElo "1754"]
[BlackElo "1820"]
[PlyCount "26"]
[EventDate "2017.04.22"]
[EventType "swiss"]
[EventRounds "9"]
[EventCountry "ESP"]
[SourceTitle "EXT 2024"]
[Source "ChessBase"]
[SourceDate "2023.10.10"]
[SourceVersion "1"]
[SourceVersionDate "2023.10.10"]
[SourceQuality "1"]

1. e4 c6 2. d4 d5 3. e5 Bf5 4. Nf3 e6 5. Be2 c5 6. c4 cxd4 7. Nxd4 Bg6 8. cxd5 Qxd5 9. 0-0 Bc5 10. Qa4+ Nc6 11. Rd1 Bxd4 12. Rxd4 Qxd4 13. Qxd4 Nxd4 0-1